[Event "27th ECh U20"]
[Site "Patras GRE"]
[Date "1999.10.09"]
[Round "5"]
[White "Lelumees, Brait"]
[Black "Karner, Christoph"]
[Result "1/2-1/2"]
[WhiteElo "2121"]
[BlackElo "2181"]
[EventDate "1999.10.02"]
[PlyCount "128"]

1.e4 c5 2.Nf3 d6 3.d4 cxd4 4.Nxd4 Nf6 5.Nc3 a6 6.Bg5 e6 7.f4 Be7 8.Qf3 Qa5
9.O-O-O Bd7 10.Kb1 Nc6 11.Nb3 Qc7 12.g4 h6 13.Bxf6 Bxf6 14.Rd2 O-O-O 15.
Be2 Kb8 16.h4 g6 17.Qg3 Bc8 18.Rhd1 Qe7 19.g5 hxg5 20.hxg5 Bg7 21.Qe3 Rh4 
22.e5 dxe5 23.Rxd8 Nxd8 24.fxe5 Nc6 25.Qg3 Rh8 26.Nd4 Nxd4 27.Rxd4 Qc5 28.
Re4 Rh1+ 29.Bd1 Qg1 30.Qd3 Qb6 31.a3 Rh8 32.Rb4 Qc5 33.Bf3 Bxe5 34.Ne4 Qa5
35.Nd2 Rd8 36.Qe2 Bd6 37.Rb3 Ka7 38.Qe4 Qc7 39.Nc4 Bc5 40.Bg2 Rd4 41.Qe2 
Rd8 42.Qf3 Rd5 43.Qg4 Rf5 44.Be4 Rf2 45.Bf3 b5 46.Qe4 Rf1+ 47.Ka2 Bb7 48.
Qe5 Qxe5 49.Nxe5 Rxf3 50.Nxf3 Bd5 51.Ne5 Bxb3+ 52.Kxb3 Kb6 53.Nxf7 Be3 54.
a4 Kc5 55.axb5 axb5 56.c3 Bf4 57.Kc2 e5 58.Kd3 Kd5 59.Nh8 Bxg5 60.Nxg6 e4+
61.Kc2 Ke6 62.Nf8+ Ke7 63.Ng6+ Kf6 64.Nf8 Ke7 1/2-1/2

[Event "27th ECh U20"]
[Site "Patras GRE"]
[Date "1999.10.10"]
[Round "6"]
[White "Iliushin, Alexei"]
[Black "Solak, Dragan"]
[Result "1/2-1/2"]
[WhiteElo "2527"]
[BlackElo "2457"]
[EventDate "1999.10.02"]
[PlyCount "23"]

1.d4 Nf6 2.c4 g6 3.Nc3 Bg7 4.Nf3 O-O 5.Bf4 d6 6.e3 Nh5 7.Bg5 h6 8.Bh4 f5 
9.Nd2 Nf6 10.Bg3 Nh5 11.Bh4 Nf6 12.Bg3 1/2-1/2

[Event "27th ECh U20"]
[Site "Patras GRE"]
[Date "1999.10.10"]
[Round "6"]
[White "Dottling, Fabian"]
[Black "Halkias, Stelios"]
[Result "0-1"]
[WhiteElo "2475"]
[BlackElo "2406"]
[EventDate "1999.10.02"]
[PlyCount "60"]

1.d4 Nf6 2.Nf3 c5 3.d5 b5 4.Bg5 Qb6 5.a4 bxa4 6.Bxf6 gxf6 7.Qc1 f5 8.Nc3 
Bg7 9.Nxa4 Qf6 10.e3 O-O 11.Bc4 Na6 12.O-O d6 13.Rd1 Nc7 14.Nc3 a6 15.Ra2 
Rb8 16.Rd3 Rb4 17.Nd2 Kh8 18.b3 e5 19.e4 f4 20.Ncb1 Qg6 21.c3 Rb8 22.Qe1 
Rg8 23.Nf1 Bf6 24.g3 Bh3 25.Nbd2 Be7 26.f3 Bh4 27.Qf2 Rg7 28.Kh1 Rbg8 29.
b4 Qh6 30.gxh4 Qxh4 0-1

[Event "27th ECh U20"]
[Site "Patras GRE"]
[Date "1999.10.10"]
[Round "6"]
[White "Blehm, Pawel"]
[Black "Medvegy, Zoltan"]
[Result "1-0"]
[WhiteElo "2479"]
[BlackElo "2397"]
[EventDate "1999.10.02"]
[PlyCount "120"]

1.e4 c5 2.Nf3 Nc6 3.d4 cxd4 4.Nxd4 Nf6 5.Nc3 e5 6.Ndb5 d6 7.Bg5 a6 8.Na3 
b5 9.Nd5 Be7 10.Bxf6 Bxf6 11.c3 Bb7 12.Bd3 Nb8 13.Bc2 Nd7 14.O-O O-O 15.
Bb3 Bg5 16.Qe2 Nc5 17.Rad1 Kh8 18.f3 g6 19.Nc2 a5 20.Nde3 Nxb3 21.axb3 b4 
22.cxb4 axb4 23.Nc4 Ba6 24.Kh1 Bxc4 25.bxc4 b3 26.Na3 Ra4 27.Rd5 Qc7 28.
Rfd1 Rb8 29.g3 Qa7 30.f4 Bh6 31.fxe5 dxe5 32.Qf3 Qe3 33.Qxe3 Bxe3 34.c5 
Bd4 35.c6 Rc8 36.Rd3 Rxc6 37.Rxb3 Ra7 38.Kg2 Re7 39.Rb8+ Kg7 40.b4 Rc1 41.
Nb5 Rc2+ 42.Kh1 Re2 43.Nd6 Kh6 44.Rc8 Bb6 45.Rc1 Bd4 46.Nc8 Rb7 47.b5 Rb8 
48.Nd6 f6 49.Rc6 Ra8 50.Ra6 Rb8 51.h3 Kh5 52.Ra4 Rc2 53.Raxd4 Ra8 54.Rd2 
Rc3 55.R5d3 Rc1+ 56.Kg2 Rb1 57.Rf2 Raa1 58.Kf3 Rb4 59.Kg2 Rbb1 60.Rc3 Rd1 
1-0

[Event "27th ECh U20"]
[Site "Patras GRE"]
[Date "1999.10.10"]
[Round "6"]
[White "Mateuta, Gabriel"]
[Black "Fontaine, Robert"]
[Result "1-0"]
[WhiteElo "2398"]
[BlackElo "2408"]
[EventDate "1999.10.02"]
[PlyCount "131"]

1.d4 d5 2.Nf3 Nf6 3.g3 c6 4.Bg2 e6 5.O-O Nbd7 6.b3 Bd6 7.c4 O-O 8.Nc3 b6 
9.Qc2 Bb7 10.e4 Nxe4 11.Nxe4 dxe4 12.Ng5 Be7 13.Nxe4 Nf6 14.Rd1 h6 15.Bf4 
Rc8 16.a4 Qd7 17.a5 Nxe4 18.Bxe4 Rcd8 19.a6 Ba8 20.c5 bxc5 21.dxc5 Qc8 22.
Qc4 Rd5 23.b4 Rfd8 24.Bc2 e5 25.Be3 Qe6 26.Re1 h5 27.f4 g6 28.fxe5 h4 29.
Bf2 hxg3 30.hxg3 Kg7 31.Kg2 Bg5 32.Qe4 Rd2 33.Re2 Rxe2 34.Qxe2 Rd2 35.Qe4 
Qd5 36.Rg1 Qxe4+ 37.Bxe4 Rb2 38.Rb1 Rxb1 39.Bxb1 Bd2 40.Bd4 Kf8 41.Kf2 
Bxb4 42.Kf3 Ke7 43.Ke4 Be1 44.Kf3 Bb4 45.Ba2 Ba5 46.Bc4 Bb4 47.Bf1 Ke6 48.
Ke4 Be1 49.Bh3+ Ke7 50.Kf3 Kd8 51.Be3 Bc3 52.Ke4 Be1 53.Bf4 Bf2 54.Bg5+ 
Kc7 55.Be7 Bxg3 56.Bd6+ Kd8 57.Bb8 f5+ 58.Kf3 Bh4 59.Kf4 Kd7 60.Bf1 Bf2 
61.Bd6 Ke8 62.Bc4 Bh4 63.Bg8 Bd8 64.e6 Bf6 65.Bf7+ Kd8 66.Bxg6 1-0

[Event "27th ECh U20"]
[Site "Patras GRE"]
[Date "1999.10.10"]
[Round "6"]
[White "Johannessen, Leif Erlend"]
[Black "Stryjecki, Marek"]
[Result "0-1"]
[WhiteElo "2356"]
[BlackElo "2448"]
[EventDate "1999.10.02"]
[PlyCount "82"]

1.d4 Nf6 2.c4 g6 3.Nc3 Bg7 4.e4 d6 5.h3 O-O 6.Bg5 Nbd7 7.Nf3 e5 8.d5 a5 9.
Nd2 Nc5 10.g4 c6 11.Qf3 a4 12.Be2 h6 13.Be3 Qa5 14.Rc1 Bd7 15.O-O Rfc8 16.
Qg3 cxd5 17.exd5 Qb4 18.Rc2 a3 19.b3 b5 20.f4 bxc4 21.Bxc4 e4 22.f5 Kh7 
23.fxg6+ fxg6 24.Qxd6 Ne8 25.Qe7 Nd3 26.Qxd7 Rc7 27.Qe6 Bxc3 28.Nxe4 Re7 
29.Rf7+ Rxf7 30.Qxf7+ Bg7 31.Bxd3 Qe1+ 32.Kg2 Qxe3 33.Nf2 Qg5 34.Be4 Rd8 
35.Bf3 Nd6 36.Qe6 Nb5 37.Ne4 Qf4 38.Rc6 Nd4 39.Qxg6+ Kg8 40.Rc3 Rf8 41.Qd6
Be5 0-1

[Event "27th ECh U20"]
[Site "Patras GRE"]
[Date "1999.10.10"]
[Round "6"]
[White "Berescu, Alin"]
[Black "Ribshtein, Nati"]
[Result "1-0"]
[WhiteElo "2386"]
[BlackElo "2349"]
[EventDate "1999.10.02"]
[PlyCount "51"]

1.e4 c5 2.Nf3 e6 3.d4 cxd4 4.Nxd4 a6 5.Nc3 b5 6.Bd3 Qb6 7.Nb3 Qc7 8.O-O 
Bb7 9.f4 d6 10.f5 e5 11.a4 bxa4 12.Rxa4 Nf6 13.Be3 Be7 14.Na5 Bc8 15.Bc4 
Nbd7 16.Nd5 Nxd5 17.Qxd5 Nb6 18.Qxf7+ Kd8 19.Qxg7 Re8 20.f6 Bf8 21.Qxc7+ 
Kxc7 22.Bxb6+ Kxb6 23.Rb4+ Kc5 24.c3 Be6 25.Bxe6 Rxe6 26.Rd1 1-0

[Event "27th ECh U20"]
[Site "Patras GRE"]
[Date "1999.10.10"]
[Round "6"]
[White "Kallio, Heikki"]
[Black "Jedryczka, Krystian"]
[Result "1-0"]
[WhiteElo "2360"]
[BlackElo "2334"]
[EventDate "1999.10.02"]
[PlyCount "83"]

1.Nf3 f5 2.e4 fxe4 3.Ng5 Nf6 4.d3 e3 5.Bxe3 e5 6.d4 exd4 7.Bxd4 Nc6 8.Be3 
d5 9.Bb5 Bd6 10.Nc3 a6 11.Ba4 h6 12.Nf3 b5 13.Bb3 Ne7 14.a4 Rb8 15.axb5 
axb5 16.Bd4 c6 17.Bxf6 gxf6 18.Nd4 h5 19.O-O Qc7 20.Kh1 Qd7 21.Re1 Be5 22.
f4 Bxf4 23.Nxc6 Qxc6 24.Rxe7+ Kxe7 25.Nxd5+ Kf8 26.Nxf4 Bg4 27.Qe1 Re8 28.
Qb4+ Kg7 29.Ra7+ Kh6 30.Qd2 Qd6 31.Nd5+ Kg6 32.h3 Qe5 33.Nf4+ Kf5 34.Nd3 
Qe3 35.Qa5 Bxh3 36.Qxb5+ Re5 37.Qd7+ Kg5 38.Qg7+ Kh4 39.Ra4+ Re4 40.g3+ 
Qxg3 41.Rxe4+ Bg4 42.Qxf6+ 1-0

[Event "27th ECh U20"]
[Site "Patras GRE"]
[Date "1999.10.10"]
[Round "6"]
[White "Hunt, Adam"]
[Black "De Vreugt, Dennis"]
[Result "1/2-1/2"]
[WhiteElo "2288"]
[BlackElo "2398"]
[EventDate "1999.10.02"]
[PlyCount "172"]

1.e4 e5 2.Nf3 Nc6 3.Bb5 a6 4.Ba4 Nf6 5.O-O Be7 6.d3 d6 7.c3 O-O 8.Re1 b5 
9.Bc2 Bb7 10.Nbd2 Re8 11.Nf1 Bf8 12.Ng3 g6 13.h3 Bg7 14.Nh2 d5 15.Qf3 Nb8 
16.Bb3 h6 17.Ng4 Nxg4 18.hxg4 c6 19.Nf1 Qd7 20.Qh3 dxe4 21.dxe4 Bc8 22.Bd1
h5 23.gxh5 Qxh3 24.gxh3 Bxh3 25.hxg6 fxg6 26.Bb3+ Be6 27.Bxe6+ Rxe6 28.Rd1
Bf6 29.Be3 Kf7 30.Rd3 Ke8 31.Rad1 Be7 32.Bb6 c5 33.Bd8 c4 34.R3d2 Bc5 35.
Bg5 Nc6 36.Ne3 Bxe3 37.fxe3 Ra7 38.Rd6 Rxd6 39.Rxd6 Ne7 40.Kf2 Rd7 41.Re6 
Ra7 42.Kf3 Kf7 43.Rb6 Ng8 44.Ke2 Kg7 45.Re6 Nh6 46.Bxh6+ Kxh6 47.Rxe5 Kg7 
48.Re6 g5 49.Kf3 Rf7+ 50.Kg4 Rf6 51.Re7+ Kg6 52.e5 Rf2 53.Re6+ Kf7 54.Rxa6
Rxb2 55.Kxg5 Rc2 56.Kf5 Rxc3 57.e6+ Ke7 58.Ra7+ Kd6 59.Rd7+ Kc6 60.Ke4 Ra3
61.Rd8 Ra7 62.Ke5 c3 63.Rd1 Kc5 64.Kf6 Ra4 65.Ke5 Ra7 66.Rd7 Ra8 67.e7 Re8
68.Rc7+ Kb6 69.Kd6 b4 70.a3 Rxe7 71.Rc4 Rxe3 72.Rxb4+ Ka5 73.Kd5 Rd3+ 74.
Ke4 Rh3 75.Kd5 Rd3+ 76.Ke4 Rh3 77.Kd5 Rh5+ 78.Kd6 Rh6+ 79.Kd5 Rh5+ 80.Kd6 
Rh1 81.Rc4 Rc1 82.a4 Kb6 83.Rc6+ Ka5 84.Rc4 Rc2 85.Kc5 Rc1 86.Kd4 c2 
1/2-1/2

[Event "27th ECh U20"]
[Site "Patras GRE"]
[Date "1999.10.10"]
[Round "6"]
[White "Anchev, Nikolai"]
[Black "Bagirov, Rufat"]
[Result "1-0"]
[WhiteElo "2155"]
[BlackElo "2471"]
[EventDate "1999.10.02"]
[PlyCount "35"]

1.e4 e6 2.d4 d5 3.exd5 exd5 4.Qf3 c5 5.Nc3 cxd4 6.Nxd5 Be6 7.Nf4 Nc6 8.
Nxe6 fxe6 9.Bc4 Bb4+ 10.Kf1 Nf6 11.a3 Bd6 12.Bxe6 Qe7 13.Qh3 d3 14.Bg5 Nd4
15.Re1 Kf8 16.Bc4 d2 17.Bxd2 Qc7 18.Bd3 1-0

[Event "27th ECh U20"]
[Site "Patras GRE"]
[Date "1999.10.10"]
[Round "6"]
[White "Mastrovasilis, Athanasios"]
[Black "Streikus, Simonas"]
[Result "1-0"]
[WhiteElo "2345"]
[BlackElo "2267"]
[EventDate "1999.10.02"]
[PlyCount "81"]

1.Nf3 Nf6 2.g3 d5 3.Bg2 Nbd7 4.d4 e6 5.O-O Bd6 6.c4 c6 7.Qc2 O-O 8.Rd1 Qe7
9.Nbd2 Re8 10.e4 dxe4 11.Nxe4 Nxe4 12.Qxe4 e5 13.Bg5 f6 14.Be3 Qf7 15.d5 
c5 16.Bh3 Nf8 17.Bxc8 Raxc8 18.Nh4 g6 19.g4 Nd7 20.Kh1 Kh8 21.Rg1 Rf8 22.
Bh6 Rg8 23.Rg3 a6 24.a4 a5 25.Rf3 Bf8 26.Bd2 b6 27.Rg1 Qe8 28.Rgg3 Rg7 29.
Ng2 Rf7 30.h4 Nb8 31.h5 g5 32.b3 Na6 33.Rf5 Rcc7 34.Rgf3 Bg7 35.h6 Bxh6 
36.Rxf6 Qf8 37.R6f5 Bg7 38.Bxg5 Rxf5 39.Rxf5 Rf7 40.Ne3 Nc7 41.Bh4 1-0

[Event "27th ECh U20"]
[Site "Patras GRE"]
[Date "1999.10.10"]
[Round "6"]
[White "Kobrin, Michael"]
[Black "Bohnenblust, Simon"]
[Result "1-0"]
[WhiteElo "2355"]
[BlackElo "2239"]
[EventDate "1999.10.02"]
[PlyCount "197"]

1.d4 Nf6 2.c4 e6 3.Nf3 b6 4.g3 Ba6 5.b3 b5 6.c5 b4 7.a3 bxa3 8.Bg2 Bb7 9.
O-O d6 10.cxd6 cxd6 11.Bxa3 Be7 12.Nc3 Nd5 13.Nxd5 Bxd5 14.Qd3 Qb6 15.e4 
Bb7 16.Nd2 Nc6 17.Nc4 Qxd4 18.Qe2 O-O 19.e5 d5 20.Rad1 dxc4 21.Rxd4 Nxd4 
22.Qxc4 Bxg2 23.Kxg2 Bxa3 24.Qxd4 a5 25.Rd1 Rac8 26.h4 Rc2 27.Rd2 Rxd2 28.
Qxd2 Bb4 29.Qd7 Rb8 30.Qc7 Rf8 31.h5 h6 32.f4 Re8 33.g4 Re7 34.Qc8+ Kh7 
35.Kf3 g6 36.hxg6+ fxg6 37.Ke4 Kg7 38.f5 gxf5+ 39.gxf5 exf5+ 40.Qxf5 Rf7 
41.Qg4+ Kf8 42.Qg6 Rc7 43.Qxh6+ Ke8 44.Qg6+ Kd7 45.Kf5 Kc8 46.Qe8+ Kb7 47.
Qb5+ Ka7 48.Ke6 Rb7 49.Qd3 Re7+ 50.Kf6 Rc7 51.e6 Kb6 52.Qd8 Kb7 53.Ke5 
Rc5+ 54.Kd4 Rc7 55.Qd5+ Kb6 56.Qa8 Ra7 57.Qg8 Rc7 58.Ke5 Kb7 59.Qg1 Rc5+ 
60.Ke4 Rc7 61.Kd5 Ka6 62.Qf1+ Kb6 63.Qf2+ Kb7 64.Qe3 Ka6 65.Ke5 Rc5+ 66.
Kf6 Rc7 67.Qf4 Kb7 68.Qe4+ Ka7 69.Qd4+ Kb7 70.Qd5+ Kb6 71.Qd8 Kb7 72.Qe8 
Kb6 73.Ke5 Rc5+ 74.Kd4 Rc7 75.Qa4 Bc5+ 76.Ke5 Bb4 77.Kd5 Rc5+ 78.Kd6 Rc7+ 
79.Ke5 Rc5+ 80.Kf6 Rc7 81.Qe8 Ka6 82.Qb8 Rb7 83.Qd8 Kb5 84.Ke5 Kc6 85.Qd3 
Kb6 86.Qe3+ Bc5 87.Qh6 Ka7 88.Kd5 Bb4 89.Qe3+ Kb8 90.Kc6 Rc7+ 91.Kb6 Rb7+ 
92.Ka6 Rc7 93.Qe5 Bc5 94.Kxa5 Kb7 95.Kb5 Be7 96.Qd5+ Ka7 97.Qd4+ Kb8 98.
Ka5 Ra7+ 99.Kb6 1-0

[Event "27th ECh U20"]
[Site "Patras GRE"]
[Date "1999.10.10"]
[Round "6"]
[White "Molander, Riku"]
[Black "Petrik, Tomas"]
[Result "1/2-1/2"]
[WhiteElo "2234"]
[BlackElo "2296"]
[EventDate "1999.10.02"]
[PlyCount "96"]

1.Nf3 Nf6 2.c4 e6 3.Nc3 b6 4.g3 Bb7 5.Bg2 Be7 6.O-O O-O 7.Re1 d5 8.cxd5 
exd5 9.d4 c5 10.Ne5 Na6 11.Be3 Nc7 12.Bh3 Ne6 13.Nf3 a6 14.Rc1 Qd6 15.Na4 
c4 16.a3 Qc7 17.Ng5 Nxg5 18.Bxg5 b5 19.Nc5 Bxc5 20.Bxf6 gxf6 21.dxc5 Qxc5 
22.e3 d4 23.Qxd4 Qxd4 24.exd4 Rfd8 25.Re7 Bc6 26.Rc7 Bf3 27.Bd7 Rab8 28.
Rc3 Ba8 29.Re3 Kf8 30.Bc6 Bxc6 31.Rxc6 Rxd4 32.Rxa6 Rd2 33.b3 Rc8 34.bxc4 
bxc4 35.Rc3 Rd3 36.Rxd3 cxd3 37.Rd6 Rc3 38.a4 Ke7 39.Rd4 Ke6 40.a5 Ke5 41.
Rd7 Ke4 42.Re7+ Kf3 43.Re3+ Kg4 44.Kg2 Kf5 45.Kf3 Ra3 46.h3 d2 47.Ke2 Rxa5
48.Kxd2 Ra2+ 1/2-1/2

[Event "27th ECh U20"]
[Site "Patras GRE"]
[Date "1999.10.10"]
[Round "6"]
[White "Skytte, Rasmus"]
[Black "Haznedaroglu, Kivanc"]
[Result "1-0"]
[WhiteElo "2338"]
[BlackElo "2187"]
[EventDate "1999.10.02"]
[PlyCount "101"]

1.e4 c5 2.Nf3 e6 3.d4 cxd4 4.Nxd4 a6 5.Nc3 Qc7 6.Bd3 Nf6 7.O-O h5 8.h3 Bc5
9.Be3 d6 10.Qe2 Nbd7 11.Nb3 Bxe3 12.Qxe3 Qb6 13.Qg5 Kf8 14.a4 Rh6 15.a5 
Qc7 16.Qe3 Ne5 17.f4 Nxd3 18.cxd3 Bd7 19.e5 Ne8 20.Rac1 Bc6 21.Nd4 Qxa5 
22.Nxc6 bxc6 23.d4 Qb6 24.Ne4 Rd8 25.Kh1 Rd7 26.Qc3 dxe5 27.dxe5 Rg6 28.
Ng5 Nc7 29.Qxc6 Qxc6 30.Rxc6 Ke7 31.Ne4 Nd5 32.Nd6 Rg3 33.Rc8 Rxd6 34.
exd6+ Kxd6 35.Ra8 Rb3 36.Rxa6+ Ke7 37.Rf2 h4 38.f5 g5 39.Ra7+ Kf6 40.fxe6+
Kxe6 41.Raxf7 Rxb2 42.Rxb2 Kxf7 43.Rb5 Ke6 44.Kg1 Kd6 45.Ra5 Ke5 46.Kf2 
Ke4 47.Ra4+ Kf5 48.Kf3 Nf4 49.Ra5+ Kf6 50.Kg4 Nxg2 51.Rf5+ 1-0

[Event "27th ECh U20"]
[Site "Patras GRE"]
[Date "1999.10.10"]
[Round "6"]
[White "Perunovic, Miodrag"]
[Black "Touloumis, Anestis"]
[Result "1-0"]
[WhiteElo "2247"]
[BlackElo "2111"]
[EventDate "1999.10.02"]
[PlyCount "101"]

1.e4 c5 2.Nf3 d6 3.d4 cxd4 4.Nxd4 Nf6 5.Nc3 g6 6.Be3 Bg7 7.f3 Nc6 8.Qd2 
Bd7 9.Bc4 O-O 10.O-O-O Ne5 11.Bb3 Rc8 12.Kb1 Nc4 13.Bxc4 Rxc4 14.g4 b5 15.
b3 Rc5 16.Ne6 fxe6 17.Bxc5 Qc7 18.Bd4 e5 19.Be3 Rc8 20.Nd5 Nxd5 21.Qxd5+ 
e6 22.Qd3 b4 23.Rd2 Bf8 24.h4 Qa5 25.Rdh2 Bb5 26.Qd2 Rc6 27.Qc1 d5 28.h5 
d4 29.Bh6 Ra6 30.a4 Bxa4 31.hxg6 Bxb3 32.gxh7+ Kh8 33.Qb2 Ba2+ 34.Kc1 Qd8 
35.f4 Bc4 36.Bg5 Be7 37.Rh5 Qf8 38.Bxe7 Qxf4+ 39.Kb1 b3 40.Rg5 bxc2+ 41.
Qxc2 Rb6+ 42.Ka1 Ra6+ 43.Kb2 Rb6+ 44.Ka1 Ra6+ 45.Kb2 Rb6+ 46.Bb4 Rxb4+ 47.
Ka3 Qxg5 48.Kxb4 Ba6 49.Ka4 Qe7 50.Qc6 Bb7 51.Qb5 1-0

[Event "27th ECh U20"]
[Site "Patras GRE"]
[Date "1999.10.12"]
[Round "7"]
[White "Dottling, Fabian"]
[Black "Iliushin, Alexei"]
[Result "1/2-1/2"]
[WhiteElo "2475"]
[BlackElo "2527"]
[EventDate "1999.10.02"]
[PlyCount "50"]

1.d4 Nf6 2.Nf3 e6 3.c4 b6 4.e3 Bb7 5.Bd3 d5 6.O-O Bd6 7.Nc3 O-O 8.cxd5 
exd5 9.Ne5 c5 10.f4 Nc6 11.Qf3 cxd4 12.Nxc6 Bxc6 13.exd4 Re8 14.f5 Ne4 15.
Be3 Qh4 16.g3 Nxg3 17.hxg3 Bxg3 18.Rf2 Rxe3 19.Qxe3 Re8 20.Qf3 Bxf2+ 21.
Qxf2 Qg4+ 22.Kh2 Qh5+ 23.Kg3 Qg5+ 24.Kf3 Qh5+ 25.Kg3 Qg5+ 1/2-1/2

[Event "27th ECh U20"]
[Site "Patras GRE"]
[Date "1999.10.12"]
[Round "7"]
[White "Stryjecki, Marek"]
[Black "Blehm, Pawel"]
[Result "1-0"]
[WhiteElo "2448"]
[BlackElo "2479"]
[EventDate "1999.10.02"]
[PlyCount "108"]

1.g3 g6 2.Bg2 Bg7 3.e4 c5 4.Ne2 Nc6 5.O-O Nf6 6.f4 O-O 7.c3 e5 8.fxe5 Nxe5
9.d4 cxd4 10.cxd4 Nc6 11.Nbc3 d6 12.h3 Ne8 13.Be3 b5 14.Qd2 b4 15.Nd5 Ba6 
16.Rf2 Bxe2 17.Rxe2 a5 18.Rc1 Ne7 19.Bg5 f6 20.Nxe7+ Qxe7 21.e5 fxg5 22.
Bxa8 dxe5 23.Bg2 Qa7 24.Rf2 Rxf2 25.Qxf2 Qxd4 26.Rc8 Qxf2+ 27.Kxf2 Kf7 28.
Ra8 e4 29.b3 Bd4+ 30.Ke2 Bb6 31.Bxe4 Ke7 32.Kd3 Nf6 33.Rh8 Bc7 34.g4 Kd6 
35.Bf3 Ke5 36.Rf8 Ke6 37.Bg2 h5 38.Bf3 Ke7 39.Rh8 hxg4 40.Bxg4 Nd5 41.Rh7+
Kd6 42.Rg7 Kc5 43.Bf3 Be5 44.Rg8 Nc3 45.Rxg6 Bf4 46.Rc6+ Kb5 47.Rf6 Bc1 
48.Kc2 Be3 49.Rf5+ Kb6 50.Re5 Bf4 51.Re6+ Kc5 52.a4 Kd4 53.Re7 Bb8 54.Rb7 
Be5 1-0

[Event "27th ECh U20"]
[Site "Patras GRE"]
[Date "1999.10.12"]
[Round "7"]
[White "Bagirov, Rufat"]
[Black "Mastrovasilis, Athanasios"]
[Result "0-1"]
[WhiteElo "2471"]
[BlackElo "2345"]
[EventDate "1999.10.02"]
[PlyCount "104"]

1.d4 Nf6 2.c4 e6 3.Nf3 b6 4.a3 Ba6 5.Qc2 c5 6.d5 exd5 7.cxd5 g6 8.Nc3 Bg7 
9.g3 O-O 10.Bg2 d6 11.O-O Re8 12.Re1 b5 13.e4 Ng4 14.h3 Ne5 15.Nxe5 Bxe5 
16.f4 Bd4+ 17.Kh2 Nd7 18.Bd2 Rc8 19.Ne2 Bf6 20.Bc3 Bb7 21.Qd2 Nb6 22.b3 c4
23.b4 Na4 24.Bxf6 Qxf6 25.Qd4 Qxd4 26.Nxd4 a6 27.Kg1 f6 28.Kf2 Kf7 29.Re3 
Rc7 30.Bf3 Rce7 31.Nc2 Kg7 32.h4 f5 33.e5 dxe5 34.d6 Bxf3 35.dxe7 Be4 36.
Ne1 exf4 37.gxf4 Rxe7 38.Rd1 Rc7 39.Ke2 Nb2 40.Rc1 Nd3 41.Nxd3 cxd3+ 42.
Kd2 Rxc1 43.Kxc1 Kh6 44.Kd2 Kh5 45.Rg3 Kxh4 46.Rg5 Kh3 47.Rg1 Kh2 48.Rc1 
h5 49.Rc7 h4 50.Ke3 Kg2 51.Rg7 Bf3 52.Rxg6+ Bg4 0-1

[Event "27th ECh U20"]
[Site "Patras GRE"]
[Date "1999.10.12"]
[Round "7"]
[White "Halkias, Stelios"]
[Black "Mateuta, Gabriel"]
[Result "1/2-1/2"]
[WhiteElo "2406"]
[BlackElo "2398"]
[EventDate "1999.10.02"]
[PlyCount "47"]

1.d4 e6 2.c4 Bb4+ 3.Bd2 a5 4.e4 d5 5.a3 Bxd2+ 6.Nxd2 dxe4 7.Nxe4 Nf6 8.Nc3
b6 9.Be2 Bb7 10.Bf3 Qc8 11.Qa4+ c6 12.Nge2 O-O 13.O-O Nbd7 14.Rad1 Re8 15.
Qc2 b5 16.c5 b4 17.Ne4 Nxe4 18.Bxe4 Nf6 19.Ng3 Ba6 20.Rfe1 bxa3 21.bxa3 
Rd8 22.Re3 Ra7 23.h3 Rad7 24.Qa4 1/2-1/2

[Event "27th ECh U20"]
[Site "Patras GRE"]
[Date "1999.10.12"]
[Round "7"]
[White "De Vreugt, Dennis"]
[Black "Berescu, Alin"]
[Result "1-0"]
[WhiteElo "2398"]
[BlackElo "2386"]
[EventDate "1999.10.02"]
[PlyCount "93"]

1.e4 c6 2.d4 d5 3.e5 Bf5 4.Nf3 e6 5.Be2 Be7 6.Nbd2 h5 7.O-O g5 8.c4 Bg6 9.
a4 Nh6 10.cxd5 cxd5 11.a5 a6 12.Nb3 Nd7 13.Bd2 Nf5 14.Ra4 Rc8 15.Ne1 f6 
16.exf6 Bxf6 17.Rb4 Rc7 18.Nd3 Kf7 19.Re1 Kg7 20.Bc3 Qc8 21.Ndc5 Nxc5 22.
Nxc5 Nxd4 23.Bxd4 e5 24.Bf3 Bf7 25.Be3 d4 26.Bxb7 Qf8 27.Nxa6 dxe3 28.fxe3
Qe7 29.Bd5 Ra7 30.Rb6 Bxd5 31.Qxd5 Rd8 32.Qe4 Rd6 33.Nc5 Rxa5 34.Rb7 Rxc5 
35.Rxe7+ Bxe7 36.Qb7 Kf7 37.Rf1+ Rf6 38.Rxf6+ Kxf6 39.b4 Rc1+ 40.Kf2 Rc2+ 
41.Ke1 Rb2 42.b5 Bb4+ 43.Kf1 Rd2 44.Qf3+ Kg7 45.Qxh5 Be7 46.Qe8 Kf6 47.b6 
1-0

[Event "27th ECh U20"]
[Site "Patras GRE"]
[Date "1999.10.12"]
[Round "7"]
[White "Fontaine, Robert"]
[Black "Kallio, Heikki"]
[Result "1-0"]
[WhiteElo "2408"]
[BlackElo "2360"]
[EventDate "1999.10.02"]
[PlyCount "63"]

1.c4 g6 2.Nf3 Bg7 3.d4 Nf6 4.g3 O-O 5.Bg2 d6 6.O-O Nc6 7.Nc3 a6 8.d5 Na5 
9.b3 c5 10.dxc6 bxc6 11.Bd2 Bd7 12.Qc1 Nb7 13.Bh6 e5 14.Bxg7 Kxg7 15.Rd1 
Qc7 16.h3 a5 17.Qe3 Rae8 18.Ng5 Re7 19.Qa7 Ne8 20.Rac1 h6 21.Nf3 f5 22.e3 
Kh7 23.c5 dxc5 24.Na4 f4 25.Nxc5 Bc8 26.exf4 Nxc5 27.Qxc5 exf4 28.g4 Rf6 
29.Re1 Rxe1+ 30.Rxe1 Ng7 31.Re7 Qd6 32.Qa7 1-0

[Event "27th ECh U20"]
[Site "Patras GRE"]
[Date "1999.10.12"]
[Round "7"]
[White "Markidis, Konstantinos"]
[Black "Cvek, Robert"]
[Result "1/2-1/2"]
[WhiteElo "2295"]
[BlackElo "2444"]
[EventDate "1999.10.02"]
[PlyCount "37"]

1.e4 c5 2.Nf3 Nc6 3.Bb5 g6 4.Bxc6 bxc6 5.O-O Bg7 6.Re1 Nh6 7.c3 f6 8.d4 
cxd4 9.cxd4 Nf7 10.Nc3 d6 11.Be3 O-O 12.h3 Rb8 13.Qd2 Bd7 14.Rac1 Rb7 15.
b3 Kh8 16.Na4 Rb5 17.Nc3 Rb7 18.Na4 Rb5 19.Nc3 1/2-1/2

[Event "27th ECh U20"]
[Site "Patras GRE"]
[Date "1999.10.12"]
[Round "7"]
[White "Medvegy, Zoltan"]
[Black "Skytte, Rasmus"]
[Result "1-0"]
[WhiteElo "2397"]
[BlackElo "2338"]
[EventDate "1999.10.02"]
[PlyCount "71"]

1.e4 c5 2.Nf3 g6 3.d4 cxd4 4.Qxd4 Nf6 5.e5 Nc6 6.Qa4 Nd5 7.Qe4 Nc7 8.Nc3 
Bg7 9.Bf4 b6 10.O-O-O Bb7 11.Qe3 Ne6 12.Bh6 Bxh6 13.Qxh6 Rc8 14.Bc4 Qc7 
15.Bxe6 dxe6 16.Nb5 Qb8 17.Rhe1 Nb4 18.Qg7 Rf8 19.Ng5 Rxc2+ 20.Kb1 Qc8 21.
Nc3 Rxc3 22.Nxh7 Rd3 23.Qxf8+ Kd7 24.Qxc8+ Kxc8 25.f3 Bd5 26.a3 Rxd1+ 27.
Rxd1 Nc6 28.Re1 Kd7 29.Ng5 f6 30.exf6 exf6 31.Ne4 Ke7 32.b4 a5 33.bxa5 
Nxa5 34.Nd2 Kd6 35.Kc2 Nc6 36.Ne4+ 1-0

[Event "27th ECh U20"]
[Site "Patras GRE"]
[Date "1999.10.12"]
[Round "7"]
[White "Lopez Martinez, Josep Manuel"]
[Black "Hunt, Adam"]
[Result "1-0"]
[WhiteElo "2378"]
[BlackElo "2288"]
[EventDate "1999.10.02"]
[PlyCount "153"]

1.Nf3 Nf6 2.g3 g6 3.Bg2 Bg7 4.O-O O-O 5.d4 d6 6.a4 a5 7.c3 Nbd7 8.Nbd2 e5 
9.dxe5 Nxe5 10.Nxe5 dxe5 11.Nc4 Qe7 12.b3 Rd8 13.Ba3 Qe8 14.Qc2 e4 15.Rad1
Bf5 16.Ne3 Bd7 17.Bc5 Bc6 18.Bd4 Qe6 19.c4 Re8 20.Rd2 h5 21.Rfd1 Bh6 22.
Bb2 Ng4 23.Qc3 f6 24.Bh3 Bxe3 25.fxe3 Qe5 26.Bxg4 hxg4 27.Qxe5 fxe5 28.Rf1
Re6 29.Rdd1 Rae8 30.Bc3 b6 31.Rf2 Rf8 32.Rdf1 Rxf2 33.Rxf2 Be8 34.Kg2 Bd7 
35.Rf1 Re8 36.Rd1 Bc6 37.h3 gxh3+ 38.Kxh3 Kf7 39.Kg4 Ke6 40.Kg5 Rf8 41.g4 
Rf2 42.Re1 Be8 43.Kh4 Rh2+ 44.Kg3 Rh7 45.Rd1 Rd7 46.Rh1 c5 47.Rh8 Re7 48.
Rf8 Kd7 49.Kh4 Rh7+ 50.Kg3 Re7 51.Rf6 Re6 52.Rf1 Ke7 53.Kh4 Rf6 54.Rd1 Rd6
55.Rh1 Ke6 56.Kg5 Rd7 57.Rh8 Re7 58.Rf8 Kd7 59.Rf1 Re6 60.Rd1+ Rd6 61.Rf1 
Re6 62.Kh6 Ke7 63.Kg7 Bd7 64.g5 Be8 65.Rh1 Bd7 66.Rh7 Kd8 67.Rh4 Bc6 68.
Kf7 Kd7 69.Rh1 Re7+ 70.Kxg6 Ke6 71.Kh6 Re8 72.Rf1 Rh8+ 73.Kg7 Rh3 74.Rf6+ 
Kd7 75.Bxe5 Rxe3 76.Rd6+ Kc7 77.Rd3+ 1-0

[Event "27th ECh U20"]
[Site "Patras GRE"]
[Date "1999.10.12"]
[Round "7"]
[White "Jovanovic, Zoran"]
[Black "Kobrin, Michael"]
[Result "1-0"]
[WhiteElo "2310"]
[BlackElo "2355"]
[EventDate "1999.10.02"]
[PlyCount "99"]

1.e4 e5 2.Nf3 Nf6 3.Nxe5 d6 4.Nf3 Nxe4 5.d4 d5 6.Bd3 Nc6 7.O-O Be7 8.c4 
Nb4 9.cxd5 Nxd3 10.Qxd3 Qxd5 11.Re1 Bf5 12.g4 Bg6 13.Nc3 Nxc3 14.Qxc3 Qd6 
15.Qe3 c6 16.Bd2 Kf8 17.Re2 Re8 18.Rae1 b6 19.a3 f6 20.Nh4 Kf7 21.Bb4 c5 
22.dxc5 bxc5 23.Ba5 Bd3 24.Nf5 Bxf5 25.gxf5 Qc6 26.Qf4 g6 27.Qc4+ Kf8 28.
Bd2 g5 29.Bc3 h6 30.Re6 Qf3 31.Bxf6 Rh7 32.Qe4 Qxe4 33.R1xe4 Rf7 34.Be5 
Rxf5 35.Bd6 Rf7 36.Bxc5 Bxc5 37.Rxe8+ Kg7 38.Re2 Rf3 39.Kg2 Rb3 40.Rc8 Bd4
41.Rc4 Bxb2 42.Rb4 Rxb4 43.axb4 Bc3 44.b5 Kf6 45.Rc2 Bd4 46.Rc6+ Kg7 47.f3
Bb6 48.Kg3 Bg1 49.h3 h5 50.h4 1-0

[Event "27th ECh U20"]
[Site "Patras GRE"]
[Date "1999.10.12"]
[Round "7"]
[White "Shavtvaladze, Nikoloz"]
[Black "Johannessen, Leif Erlend"]
[Result "1/2-1/2"]
[WhiteElo "2289"]
[BlackElo "2356"]
[EventDate "1999.10.02"]
[PlyCount "85"]

1.e4 e6 2.d4 d5 3.Nc3 Bb4 4.e5 c5 5.a3 Bxc3+ 6.bxc3 Qc7 7.Nf3 b6 8.Bb5+ 
Bd7 9.Bd3 Ba4 10.O-O c4 11.Be2 Ne7 12.Ng5 h6 13.Nh3 Nbc6 14.Nf4 O-O-O 15.
Nh5 g6 16.Nf4 Rdg8 17.h4 Nf5 18.g3 Qe7 19.Ra2 Rh7 20.h5 Rhg7 21.hxg6 fxg6 
22.Kg2 Rf7 23.Rh1 Nb8 24.Rh2 Nd7 25.Qh1 g5 26.Nh5 Rff8 27.Qd1 Qf7 28.Kf1 
Qg6 29.Bg4 Rf7 30.Ke1 Rgf8 31.Qe2 Kb7 32.Kd1 Ne7 33.Bd2 Nc6 34.Kc1 b5 35.
Qe3 a5 36.Rb2 Kc7 37.Be1 Ra8 38.f3 Rff8 39.Re2 Rae8 40.Qg1 Qh7 41.Qe3 Qg6 
42.Bf2 Ra8 43.Be1 1/2-1/2

[Event "27th ECh U20"]
[Site "Patras GRE"]
[Date "1999.10.12"]
[Round "7"]
[White "Solak, Dragan"]
[Black "Anchev, Nikolai"]
[Result "1/2-1/2"]
[WhiteElo "2457"]
[BlackElo "2155"]
[EventDate "1999.10.02"]
[PlyCount "35"]

1.e4 c6 2.Nc3 d5 3.Nf3 dxe4 4.Nxe4 Bg4 5.h3 Bxf3 6.Qxf3 Nd7 7.d4 Ndf6 8.c3
Nxe4 9.Qxe4 Nf6 10.Qc2 Qd5 11.Be3 e6 12.Qb3 O-O-O 13.Qxd5 exd5 14.O-O-O h6
15.g4 Re8 16.Bd3 Bd6 17.h4 g6 18.g5 1/2-1/2